[Event "Rome Steinitz op 1st"]
[Site "Rome"]
[Date "2002.07.06"]
[Round "2"]
[White "Ermacora, Ilario"]
[Black "Offidani, Marco"]
[Result "0-1"]
[WhiteElo "1600"]
[BlackElo "1500"]
[PlyCount "80"]
[EventDate "2002.07.05"]
[EventType "swiss"]
[EventRounds "5"]
[EventCountry "ITA"]
[SourceTitle "EXT 2007"]
[Source "ChessBase"]
[SourceDate "2006.11.23"]
[SourceVersion "1"]
[SourceVersionDate "2006.11.23"]
[SourceQuality "1"]

1. e4 c6 2. d4 d5 3. exd5 cxd5 4. c4 Nf6 5. Nf3 Bg4 6. c5 e6 7. Bb5+ Nbd7 8. 0-0 Be7 9. Bf4 0-0 10. Nbd2 Qa5 11. Qb3 Nh5 12. Be3 Bxf3 13. Nxf3 Qc7 14. Rfc1 Nb8 15. Ne5 Nc6 16. f4 Nf6 17. Bd3 Nxe5 18. fxe5 Nd7 19. Qc2 h6 20. Qd2 f5 21. Bxh6 gxh6 22. Qxh6 Kf7 23. Qh5+ Kg7 24. Rc3 Rh8 25. Qe2 Rag8 26. Rf1 Kf7 27. b4 Ke8 28. Bb5 a6 29. Ba4 b5 30. Bb3 Bf6 31. Rd1 Be7 32. a4 Qc6 33. Ra1 Rg4 34. Qd2 Rhh4 35. Rd3 Bg5 36. Qc3 Nxe5 37. dxe5 d4 38. Qc2 Be3+ 39. Kh1 Qe4 40. Rf1 Rxh2+ 0-1